تحميل...
Soil temperature and soil moisture variations with air temperature, relative humidity and wind speed
| المؤلف الرئيسي: | |
|---|---|
| منشور في: |
Department of Physics, University of Kerala
2008
|
| الموضوعات: |
| LEADER | 00580nam a2200193 4500 | ||
|---|---|---|---|
| 020 | |||
| 082 | |a THE-MPhil08 149 | ||
| 100 | |a Soumya.A.S | ||
| 245 | |a Soil temperature and soil moisture variations with air temperature, relative humidity and wind speed | ||
| 250 | |||
| 260 | |a Department of Physics, University of Kerala |c 2008 | ||
| 300 | |||
| 490 | |||
| 500 | |||
| 590 | |||
| 650 | |a Dr.G.Renuka | ||
| 942 | |c THESIS | ||
| 999 | |c 86733 |d 86733 | ||
| 952 | |0 0 |1 0 |4 0 |6 THE_MPHIL08_149_000000000000000 |7 0 |9 100201 |a PHY |b PHY |l 0 |o THE-MPhil08 149 |p PHYxx108 |r 2019-09-24 |w 2019-09-24 |y THESIS | ||